Alexander Hamilton Lyrics Quiz - Statistics

General Stats
  • This quiz has been taken 51 times
  • The average score is 391 of 542
Answer Stats
Answer % Correct
a
97%
do
95%
does
95%
I
95%
How
92%
in
92%
In
92%
(In
92%
of
92%
of,
92%
son
92%
and
89%
And
89%
for
89%
the
89%
The
89%
We
89%
whore
89%
bastard,
86%
father
86%
forgot
86%
got
86%
I'm
86%
or
86%
Alex
84%
”Alex,
84%
be
84%
by
84%
Alex
84%
he
84%
He
84%
him
84%
him.
84%
middle
84%
orphan,
84%
spot
84%
ten
84%
with
84%
Alexander
81%
(Alexander
81%
forgotten
81%
Hamilton.
81%
Hamilton
81%
Hamilton)
81%
Hamilton!
81%
you
81%
you.
81%
You
81%
but
78%
Caribbean,
78%
committed
78%
cousin,
78%
cousin
78%
dropped
78%
his
78%
His
78%
suicide.
78%
to
78%
trading
78%
When
78%
being
76%
day
76%
every
76%
farther
76%
founding
76%
fourteen,
76%
have
76%
hero
76%
just
76%
Just
76%
Left
76%
left
76%
lot
76%
mother
76%
Moved
76%
scholar?
76%
scotsman,
76%
Then
76%
There
76%
up
76%
up.
76%
wait,
76%
wait.
76%
wait
76%
wait!
76%
working
76%
working,
76%
your
76%
charge
73%
done,
73%
harder,
73%
haven’t
73%
haven't
73%
is
73%
million
73%
My
73%
name.
73%
name,
73%
name
73%
new
73%
New
73%
quick.
73%
smarter,
73%
there’s
73%
There's
73%
things
73%
was
73%
went
73%
what
73%
without
73%
better
70%
can
70%
charter.
70%
grow
70%
man
70%
man”
70%
man?”
70%
man.
70%
man)
70%
man?
70%
shot
70%
they
70%
fool
68%
loved
68%
Me?
68%
me?
68%
self-starter,
68%
slaves
68%
were
68%
What’s
68%
What's
68%
while
68%
away
65%
came,
65%
damn
65%
hurricane
65%
Inside,
65%
inside,
65%
land.
65%
nothing
65%
pride,
65%
reigned,
65%
something
65%
ten-dollar
65%
world
65%
beg,
62%
brother
62%
devastation
62%
died
62%
fend
62%
from
62%
gotta
62%
know
62%
ruined
62%
started
62%
steal,
62%
wrote
62%
York
62%
York)
62%
yourself.”
62%
are
59%
as
59%
borrow
59%
dead
59%
down
59%
down,
59%
drain,
59%
first
59%
gonna
59%
it
59%
it,
59%
on
59%
on,
59%
pain.
59%
providence,
59%
refrain,
59%
said,
59%
sick,
59%
testament
59%
that
59%
”This
59%
waiting
59%
America
57%
don’t
57%
drip,
57%
education,
57%
forget
57%
fought
57%
“Get
57%
get
57%
kid
57%
late
57%
less
57%
longing
57%
mainland.
57%
never
57%
part
57%
placed
57%
put
57%
reading
57%
see
57%
shelf.
57%
ship
57%
squalor,
57%
sugar
57%
voice
57%
will
57%
Will
57%
would
57%
astute,
54%
barter.
54%
brain,
54%
cane
54%
collection
54%
connected
54%
future
54%
future,
54%
immigrant,
54%
insane,
54%
landlord,
54%
ready
54%
someone
54%
split,
54%
take
54%
across
51%
back
51%
bed-ridden,
51%
been
51%
book
51%
carted
51%
debt-ridden,
51%
guard
51%
impoverished,
51%
kept
51%
now
51%
now,
51%
Oh,
51%
oh.
51%
saw
51%
saying,
51%
sings
51%
temple,
51%
trusted
51%
wings
51%
word
51%
afford
49%
all
49%
around,
49%
dripping
49%
full
49%
half-dead,
49%
hands
49%
mother’s
49%
overcame?
49%
pencil
49%
send
49%
struggled
49%
time!
49%
took
49%
treatise
49%
waves,
49%
whence
49%
bottom.
46%
can’t
46%
clerking
46%
if
46%
retreating
46%
same,
46%
slaughtered
46%
Another
43%
bow
43%
cent
43%
game?
43%
learned
43%
our
43%
restitution,
43%
rum
43%
sitting
43%
stands
43%
thick,
43%
two
43%
years
43%
enemies
41%
rep,
41%
rewrote
41%
scent
41%
their
41%
coming
38%
destitute
38%
destroyed
38%
Well,
38%
would’ve
38%
later,
35%
scamming
35%
could
32%
own
32%
planning
32%
harbour
30%
headed
27%
No matching quizzes found
Score Distribution
Percent of People with Each Score
Percentile by Number Answered
Your Score History
You have not taken this quiz